|
|
|
|
| LEADER |
00705nam a22002172a 4500 |
| 001 |
001377714 |
| 003 |
CZ BrMZK |
| 005 |
20140401133642.0 |
| 007 |
ta |
| 008 |
140401s1960 fr er|||||||||||fre d |
| 040 |
|
|
|a BOA001
|b cze
|
| 100 |
1 |
|
|a Herman, Geneviève
|4 dis
|
| 245 |
1 |
0 |
|a Préparation et propriétés physiques et chimiques des haptoglobines humaines /
|c Geneviève Herman
|
| 260 |
|
|
|a Paris :
|b G. Herman,
|c 1960
|
| 300 |
|
|
|a 111 s.
|
| 502 |
|
|
|a Disertace--Université de Paris, 1960
|
| 710 |
2 |
|
|a Université de Paris
|7 ko2003183514
|
| 910 |
|
|
|a BOA001
|b 2-0483.042
|
| 990 |
|
|
|a BK
|
| 991 |
|
|
|b 201403
|
| 996 |
7 |
|
|b 2619060129
|c 2-0483.042
|l MZK
|r Sklad / do 24 hodin
|n 0
|w 001412774
|u 000010
|a 1
|e BOA001
|j MZK50
|s A
|